| 000 | 00460cam a22001934a 4500 | ||
|---|---|---|---|
| 005 | 20250605164319.0 | ||
| 008 | 250528s ||||||||||||||||||||||||d | ||
| 035 | _a22819 | ||
| 020 | _a9780761941002 | ||
| 040 |
_aGR-AtMCL _bgre _dGR-AtMCL _eAACR2 |
||
| 245 | 1 | _aJOURNALISM A CRITICAL HISTORY | |
| 250 | _a1 | ||
| 260 |
_bSage Publications, _c2004 |
||
| 300 | _a246 | ||
| 700 | 1 |
_aConboy Martin _98492 |
|
| 942 | _cBK | ||
| 999 |
_c7864 _d7864 |
||